000
00228nam a2200097Ia 4500
001
643695
005
20250826153550.0
008
250824s9999 xx 000 0 und d
245
0
_a
BU ÜLKE
_c
CEMİL MERİÇ
260
_b
İLETİŞİM
999
_c
643695
_d
643695